| 000 | 00520 a2200193 4500 | ||
|---|---|---|---|
| 020 | _a0-07-057043-4 | ||
| 040 |
_aLibrary of Congress _bEnglish |
||
| 082 | _a004.338 | ||
| 082 | _a004.33 | ||
| 082 | _a004.33 | ||
| 100 | 1 | _aKrishna, C. M. | |
| 245 | 0 | 0 |
_aReal-time systems _cC.M. Krishna, Kang G. Shin |
| 260 |
_aNew York : _bMcGraw-Hill, _ccop. 1997 |
||
| 300 | _a448 s. | ||
| 440 | 0 | _aMcGraw-Hill computer science series, | |
| 650 | 7 | _aReal-time control | |
| 700 | 1 | _aShin, Kang G. | |
| 942 |
_cBK _k004.33 KRI _2ddc |
||
| 999 |
_c5432 _d5432 |
||